История социологии XX века. Избранные темы: учебное пособие для вузов

Bibliografiske detaljer
Hovedforfatter: Симонова О. А. Ольга Александровна
Summary:Изложены основные идеи и понятия, научные проблемы и направления социологических исследований представителей феноменологической социологии знания П. Бергера и Т. Лукмана, теорий конфликта Л. Козера и Р. Даренфорда, теорий социального обмена Дж. Хоманса и П. Блау, психоаналитической концепции К. Хорни, Э. Эриксона, Э. Фромма, леворадикальной социологии Ч. Миллса, неомарксизма Франкфуртской школы. Каждый раздел содержит подробную библиографию, вопросы для самопроверки, ключевые высказывания классиков социологии XX века. Включен словарь терминов. В приложении приведены требования к письменным работам по истории социологии. Для студентов высших учебных заведений, получающих образование в области социологии, философии, политологии и культурологи. Может использоваться при подготовке кадров социологического профиля в магистратуре и аспирантуре.
Sprog:russisk
Udgivet: Москва, Логос, 2008
Serier:Новая университетская библиотека
Fag:
Format: Bog
KOHA link:https://koha.lib.tpu.ru/cgi-bin/koha/opac-detail.pl?biblionumber=152981

MARC

LEADER 00000nam0a2200000 4500
001 152981
005 20231101221648.0
010 |a 9785987041120 
035 |a (RuTPU)RU\TPU\book\165872 
090 |a 152981 
100 |a 20090206d2008 m y0rusy50 ca 
101 0 |a rus 
102 |a RU 
105 |a y j 001zd 
200 1 |a История социологии XX века. Избранные темы  |e учебное пособие для вузов  |f О. А. Симонова 
210 |a Москва  |c Логос  |d 2008 
215 |a 208 с. 
225 1 |a Новая университетская библиотека 
320 |a Библиография в конце тем. 
320 |a Словарь терминов и понятий: с. 194-200. 
330 |a Изложены основные идеи и понятия, научные проблемы и направления социологических исследований представителей феноменологической социологии знания П. Бергера и Т. Лукмана, теорий конфликта Л. Козера и Р. Даренфорда, теорий социального обмена Дж. Хоманса и П. Блау, психоаналитической концепции К. Хорни, Э. Эриксона, Э. Фромма, леворадикальной социологии Ч. Миллса, неомарксизма Франкфуртской школы. Каждый раздел содержит подробную библиографию, вопросы для самопроверки, ключевые высказывания классиков социологии XX века. Включен словарь терминов. В приложении приведены требования к письменным работам по истории социологии. Для студентов высших учебных заведений, получающих образование в области социологии, философии, политологии и культурологи. Может использоваться при подготовке кадров социологического профиля в магистратуре и аспирантуре. 
600 1 |a Маркузе  |b Г.  |f 1898-1979  |g Герберт  |c немецко-американский философ  |c социолог  |2 stltpush  |3 (RuTPU)RU\TPU\pers\5961 
600 1 |a Адорно (Визенгрунд-Адорно)  |g Теодор Визенгрунд  |b Т. В.  |f 1903-1969  |c немецкий философ, социолог, музыковед  |2 stltpush  |3 (RuTPU)RU\TPU\pers\554 
600 1 |a Хоркхаймер  |b М.  |f 1895-1973  |g Макс  |c немецкий философ  |c социолог  |2 stltpush  |3 (RuTPU)RU\TPU\pers\5980 
600 1 |a Хорни  |g Карен  |b К.  |c американский психолог немецкого происхождения  |c психопатолог  |c одна из основателей неофрейдизма  |f 1885-1952  |2 stltpush  |3 (RuTPU)RU\TPU\pers\491 
600 1 |a Эриксон  |g Эрик Хомбергер  |b Э. Х.  |f 1902-1994  |c американский психолог  |c психоаналитик  |2 stltpush  |3 (RuTPU)RU\TPU\pers\1931 
600 1 |a Фромм  |g Эрих  |b Э.  |c немецко-американский философ  |c психолог  |c социолог  |f 1900-1980  |2 stltpush  |3 (RuTPU)RU\TPU\pers\515 
600 1 |a Миллс  |g Чарлз Райт  |b Ч. Р.  |c американский социолог  |c публицист  |f 1916-1962  |2 stltpush  |3 (RuTPU)RU\TPU\pers\581 
600 1 |a Дарендорф  |b Р.  |f 1929-  |g Ральф  |c немецкий социолог  |c политический деятель  |2 stltpush  |3 (RuTPU)RU\TPU\pers\5941 
600 1 |a Бергер  |b П. Л.  |f 1929-  |g Питер Людвиг  |c американский социолог, культуролог и философ  |2 stltpush  |3 (RuTPU)RU\TPU\pers\5924 
600 1 |a Лукман  |b Т.  |c немецкий социолог  |f 1927-  |g Томас  |2 stltpush  |3 (RuTPU)RU\TPU\pers\15787  |9 5508 
606 1 |a Социологические учения  |x История  |2 stltpush  |3 (RuTPU)RU\TPU\subj\37922  |9 58681 
606 1 |a Социология  |x История  |2 stltpush  |3 (RuTPU)RU\TPU\subj\68529  |9 83774 
610 1 |a социология 
610 1 |a 20 век 
610 1 |a неомарксизм 
610 1 |a социальный обмен 
610 1 |a психоаналитическая терапия 
610 1 |a социология знания 
610 1 |a социологические теории 
610 1 |a конфликты 
610 1 |a учебные пособия 
686 |a С51(0)я73  |v LBC/SL-A  |2 rubbk 
700 1 |a Симонова  |b О. А.  |g Ольга Александровна 
801 1 |a RU  |b 63413507  |c 20090206  |g PSBO 
801 2 |a RU  |b 63413507  |c 20140425  |g PSBO 
900 |a История и методология науки 
900 |a История и философия науки 
900 |a Социология 
942 |c BK